000
00251nam a2200109Ia 4500
008
190216s9999||||xx |||||||||||||| ||und||
100
_a
Agatha Christie
245
4
_a
The Moving Fingers
260
_b
Pan Books London
650
_a
English
942
_c
BK
999
_c
13330
_d
13330